Théâtre de Clara Gazul; (Record no. 22912)

MARC details
000 -LEADER
fixed length control field 01091cam a22002891 4500
001 - CONTROL NUMBER
control field f 01002713
003 - CONTROL NUMBER IDENTIFIER
control field DLC
005 - DATE AND TIME OF LATEST TRANSACTION
control field 20260227111244.0
008 - FIXED-LENGTH DATA ELEMENTS--GENERAL INFORMATION
fixed length control field 760730s1883 fr 000 0 fres
010 ## - LIBRARY OF CONGRESS CONTROL NUMBER
LC control number f 01002713
035 ## - SYSTEM CONTROL NUMBER
System control number (OCoLC)2343329
040 ## - CATALOGING SOURCE
Original cataloging agency DLC
Transcribing agency TxWB
Modifying agency TxWB
-- DLC
042 ## - AUTHENTICATION CODE
Authentication code premarc
050 00 - LIBRARY OF CONGRESS CALL NUMBER
Classification number PQ2362
Item number .T7 1883
100 1# - MAIN ENTRY--PERSONAL NAME
Personal name Mérimée, Prosper,
Dates associated with a name 1803-1870.
245 10 - TITLE STATEMENT
Title Théâtre de Clara Gazul;
Remainder of title comédienne espagnole, suivi de La Jaquerie et de La famille Carvajal.
250 ## - EDITION STATEMENT
Edition statement Nouv. éd.
260 ## - PUBLICATION, DISTRIBUTION, ETC.
Place of publication, distribution, etc. Paris,
Name of publisher, distributor, etc. Calmann Lévy,
Date of publication, distribution, etc. 1883.
300 ## - PHYSICAL DESCRIPTION
Extent 2 p. l., 447 p., 2 l.
Dimensions 19 cm.
490 0# - SERIES STATEMENT
Series statement Bibliothèque contemporaine
490 0# - SERIES STATEMENT
Series statement Œuvres de Prosper Mérimée
500 ## - GENERAL NOTE
General note On cover: 1881.
500 ## - GENERAL NOTE
General note "Notice sur Clara Gazul" signed "Joseph l'Estrange."
500 ## - GENERAL NOTE
General note The first edition of "Théâtre de Clara Gazul," published 1825, professed to be the translation of Clara Gazul's comedies by a certain Joseph l'Estrange. Both names are fictions invented by P. Mérimée.
740 32 - ADDED ENTRY--UNCONTROLLED RELATED/ANALYTICAL TITLE
Uncontrolled related/analytical title La Jaquerie.
740 32 - ADDED ENTRY--UNCONTROLLED RELATED/ANALYTICAL TITLE
Uncontrolled related/analytical title La famille Carvajal.

No items available.

Powered by Koha